| 000 | 00447nam a22001697a 4500 | ||
|---|---|---|---|
| 003 | NUST - PNEC | ||
| 005 | 20170116180914.0 | ||
| 008 | 150903b xxu||||| |||| 00| 0 eng d | ||
| 020 | _a0126390533 | ||
| 040 | _cLIBRARY | ||
| 082 | _a620.1127 SHA | ||
| 100 |
_97264 _aSharpe, R. S. |
||
| 245 |
_aResearch techniques in nondestructive testing _cR. S. Sharpe |
||
| 260 | _cc.1977 | ||
| 650 |
_97270 _aNondestructive testing _xME |
||
| 942 |
_2ddc _cBK |
||
| 999 |
_c65372 _d65372 |
||